000 00536nam a2200217Ia 4500
003 OSt
005 20221005115435.0
006 a|||||r|||| 00| 0
007 ta
008 221004b |||||||| |||| 00| 0 snd d
024 _a7049
037 _cTextual
040 _aCRL
_cCRL
_bsnd
041 _2snd
_asnd
082 _aO152,3M61,CH, 1593J8.1
100 _aKhatri
_9228085
245 0 _aChandra kanta
260 _c1958
942 _hO152,3M61,CH, 1593J8.1
_cTEXL
_2cc
999 _c1034852
_d1034852